书目信息 |
| 题名: |
速度滑冰
|
|
| 作者: | 刘敏庆 编著 | |
| 分册: | ||
| 出版信息: | 北京 人民体育出版社 1993.6 |
|
| 页数: | 126页 | |
| 开本: | 19cm | |
| 丛书名: | 体育爱好者丛书 | |
| 单 册: | ||
| 中图分类: | G862.11 | |
| 科图分类: | ||
| 主题词: | 水上运动 , 冰上运动 , 雪上运动 | |
| 电子资源: | ||
| ISBN: | 7-5009-0864-4 | |
| 000 | 00772nam2 2200277 45 | |
| 001 | 0193030969 | |
| 005 | 20061102151608.67 | |
| 010 | @a7-5009-0864-4@dCNY3.60 | |
| 100 | @a19930720d1992 em y0chiy0121 ea | |
| 101 | 0 | @achi |
| 102 | @aCN@b110000 | |
| 105 | @af z 000yy | |
| 106 | @ar | |
| 200 | 10 | @a速度滑冰@ASU DU HUA BING@f刘敏庆编著@FLIU MIN QING BIAN ZHU |
| 210 | @a北京@c人民体育出版社@d1993.6 | |
| 215 | @a126页@c插图@d19cm | |
| 225 | 2 | @a体育爱好者丛书@f江 声,丛明礼主编 |
| 410 | 0 | @120010@a体育爱好者丛书 |
| 540 | 1 | @a速度 滑冰@ASU DU HUA BING |
| 606 | 0 | @a水上运动 |
| 606 | 0 | @a冰上运动 |
| 606 | 0 | @a雪上运动 |
| 690 | @aG862.11 | |
| 701 | 0 | @a刘敏庆@ALIU MIN QING@4编著 |
| 801 | 0 | @aCN@bNLC@c20061102 |
| 905 | @f2@b258283-284@dG862.11@e15 | |
| 速度滑冰/刘敏庆编著.-北京:人民体育出版社,1993.6 |
| 126页:插图;19cm.-(体育爱好者丛书/江 声,丛明礼主编) |
| ISBN 7-5009-0864-4:CNY3.60 |
| ● |
| 相关链接 |
|
|
|
|
正题名:速度滑冰
索取号:G862.11/15
 
预约/预借
| 序号 | 登录号 | 条形码 | 馆藏地/架位号 | 状态 | 备注 |
| 1 | 0258282 | 000306966 | 第一样本阅览室/ [索取号:G862.11/15] | 在馆 | |
| 2 | 0258283 | 000306902 | 密集书库/ [索取号:G862.11/15] | 在馆 | |
| 3 | 0258284 | 000306895 | 密集书库/ [索取号:G862.11/15] | 在馆 |